000 00739nam a2200289Ia 4500
005 20260324125939.0
008 008 260324s9999 xx 000 0 eng d
020 _a9780203892787
037 _aEBOOK
040 _aCRL
040 _beng
040 _cCRL
041 _2eng
041 _aeng
084 _qCRL
100 _aH. Samy Alim; Alastair Pennycook; Awad Ibrahim
_91179945
245 0 _aGlobal Linguistic Flows
245 0 _bHip Hop Cultures, Youth Identities, and the Politics of Language
260 _bTaylor and Francis
260 _c2008
365 _a
365 _b290
856 _uhttp://www.taylorfrancis.com/books/9780203892787
942 _cEBOOK
999 _c1775631
_d1775631